Eyewitness travel: Canada
Spremljeno u:
| Format: | Knjiga |
|---|---|
| Jezik: | engleski |
| Izdano: |
Nueva York
Dorling Kindersley
2014
|
| Izdanje: | 1a. ed |
| Serija: | Rincón Canadá
|
| Teme: | |
| Oznake: |
Dodaj oznaku
Bez oznaka, Budi prvi tko označuje ovaj zapis!
|
MARC
| LEADER | 00000cam a2200000 a 4500 | ||
|---|---|---|---|
| 001 | UCE3678 | ||
| 003 | CL-VaPUC | ||
| 008 | 140911e20140000us |||||||||||||||||eng|d | ||
| 020 | |a 9781465411372 | ||
| 082 | 0 | 4 | |a 917.104 |b CAN |2 21 |
| 245 | 1 | 0 | |a Eyewitness travel: Canada |
| 250 | |a 1a. ed | ||
| 300 | |a 440 p | ||
| 942 | |c BK | ||
| 945 | |d 20140911 14:25:00 |a arojas | ||
| 260 | |a Nueva York |b Dorling Kindersley |c 2014 | ||
| 650 | 0 | |a Lugares turísticos |9 484548 | |
| 650 | 7 | |a LUGARES GEOGRAFICOS |2 CL-VaPUC |9 576153 | |
| 650 | 0 | |a Turismo |9 308920 | |
| 650 | 7 | |a GUIAS TURISTICAS |2 CL-VaPUC |9 346990 | |
| 651 | 7 | |a CANADA |2 CL-VaPUC |9 576154 | |
| 583 | |a last modification |c 20140911 14:25:00 |k Rodrigo Vera | ||
| 490 | 0 | |a Rincón Canadá | |
| 999 | |c 356865 |d 356863 | ||
| 952 | |0 0 |1 0 |3 erd |4 0 |6 917_104000000000000_CAN_2014 |7 0 |8 X |9 464622 |a FDOBUD |b FDOBUD |i 5114357 |o 917.104 CAN 2014 |p 5114357 |r 2019-11-23 |w 2019-11-23 |y BK_X |z Catalogado en:20140911 |k BUD | ||